000 00715nam a22001937a 4500
999 _c534408
_d534408
003 NUST-
005 20200219123222.0
008 150128b xxu||||| |||| 00| 0 eng d
020 _a9839154389
038 _aMSOHAIL
082 _a297.2
100 _aIzutsu, Toshihiko
_928546
245 _aGod and man in the Qurʹan : semantics of the Qurʹanic weltanschauung
_cIzutsu, Toshihiko
260 _aKuala Lumpur :
_bIslamic Book Trust,
_cc2002.
300 _avix, 292 p. :
_bill. ;
_c23 cm.
650 _xGeneral
_xIslam
_928547
856 _uhttp://www.amazon.com/God-Man-Quran-Toshihiko-Izutsu/dp/9839154389/ref=sr_1_1?s=books&ie=UTF8&qid=1422436543&sr=1-1&keywords=GOD+and+MAN+in+the+QURAN
942 _2ddc
_cBK